Science Quiz

Random Science or Geology Quiz
Score 0/10 Timer 03:00
0 Plays Today
% Correct
Crust
90.8%
Stratosphere
69.7%
Inner Core
67.9%
Outer Core
67.2%
Troposphere
48.6%
Mesosphere
36.3%
Upper Mantle
32.8%
Lower Mantle
32.4%
Exosphere
31%
Thermosphere
23.8%

You're not logged in!

Compare scores with friends on all Sporcle quizzes.
OR
Log In

Sporcle TV

Today on Sporcle TV


Watch our educational content, quiz creation guides, and fun videos on Sporcle TV.

Show Comments

Extras

Top Quizzes Today


Score Distribution

Your Account Isn't Verified!

In order to create a playlist on Sporcle, you need to verify the email address you used during registration. Go to your Sporcle Settings to finish the process.

Report this User

Report this user for behavior that violates our Community Guidelines.

Details: